Do animals think? / (Record no. 196360)

MARC details
000 -LEADER
campo de control de longitud fija 01101nam a2200325 i 4500
001 - NÚMERO DE CONTROL
campo de control 196360
003 - IDENTIFICADOR DE NÚMERO DE CONTROL
campo de control ES-MaACL
005 - FECHA Y HORA DE LA ÚLTIMA TRANSACCIÓN
campo de control 20241012063112.0
007 - CAMPO FIJO DE DESCRIPCIÓN FÍSICA--INFORMACIÓN GENERAL
campo de control de longitud fija ta
008 - DATOS DE LONGITUD FIJA--INFORMACIÓN GENERAL
campo de control de longitud fija 240919s2004 njua b 001 0 eng d
020 ## - NÚMERO INTERNACIONAL ESTÁNDAR DEL LIBRO
Número Internacional Estándar del Libro 0691113114
035 ## - NÚMERO DE CONTROL DEL SISTEMA
Número de control de sistema Rebiun06709995
040 ## - FUENTE DE CATALOGACIÓN
Centro catalogador/agencia de origen DLC.
Centro/agencia transcriptor DLC.
Centro/agencia modificador OCLCQ.
-- C#P.
-- UPO
-- ES-MaACL
Lengua de catalogación spa
080 ## - NÚMERO DE LA CLASIFICACIÓN DECIMAL UNIVERSAL
Número de la Clasificación Decimal Universal 591.51
100 ## - ENTRADA PRINCIPAL--NOMBRE DE PERSONA
Nombre de persona Wynne, Clive D. L
9 (RLIN) 238772
245 10 - MENCIÓN DEL TÍTULO
Título Do animals think? /
Mención de responsabilidad, etc. Clive D.L. Wynne
260 ## - PUBLICACIÓN, DISTRIBUCIÓN, ETC.
Lugar de publicación, distribución, etc. Princeton :
Nombre del editor, distribuidor, etc. Princeton University Press,
Fecha de publicación, distribución, etc. cop. 2004
300 ## - DESCRIPCIÓN FÍSICA
Extensión 268 p. ;
Dimensiones 25 cm
336 ## - TIPO DE CONTENIDO
Fuente rdacontent
Término de tipo de contenido texto
337 ## - TIPO DE MEDIO
Fuente rdamedia
Nombre/término del tipo de medio sin mediación
338 ## - TIPO DE SOPORTE
Fuente rdacarrier
Nombre/término del tipo de soporte volumen
504 ## - NOTA DE BIBLIOGRAFÍA, ETC.
Nota de bibliografía, etc. Bibliografía e índice
650 #7 - PUNTO DE ACCESO ADICIONAL DE MATERIA--TÉRMINO DE MATERIA
Término de materia o nombre geográfico como elemento de entrada Animales-
Subdivisión general Inteligencia
9 (RLIN) 147546
852 ## - LOCALIZACIÓN
Ubicación ES-MaACL
Ubicación en estantería Depósito 1
Donativo/Legado Donación: José Manuel Duarte Cendán
itemnumber 204063
Número de control de estantería A-15404
903 ## - NOMBRE PERSONAL DE DONANTE
9 238529
a Duarte Cendán, José Manuel
q 1
e Donante
942 ## - ELEMENTOS DE ENTRADA SECUNDARIOS (KOHA)
Suprimir en OPAC No
Tipo de ítem Koha Libro impreso
Holdings
Estatus retirado Estado de pérdida Fuente del sistema de clasificación o colocación Estado de daño No para préstamo Biblioteca de origen Biblioteca actual Ubicación en estantería Fecha de adquisición Fuente de adquisición Total de préstamos Signatura topográfica completa Código de barras Visto por última vez Precio de reemplazo Tipo de ítem Koha
    Clasificación decimal universal     Biblioteca del Ateneo de Madrid Biblioteca del Ateneo de Madrid Depósito 1 19/09/2024 Donación   A-15404 101228861 19/09/2024 19/09/2024 Libro impreso